El publico /

-д хадгалсан:
Номзүйн дэлгэрэнгүй
Үндсэн зохиолч: di García Lorca, Federico
Формат: Ном
Хэл сонгох:англи
Шошгууд: Шошго нэмэх
Шошго байхгүй, Энэхүү баримтыг шошголох эхний хүн болох!

MARC

LEADER 00000nam a2200000 4500
001 CDOM0000002267
003 mi
005 20250827192323.0
008 250827b |||||||| |||| 00| 0 eng d
040 |c mi 
100 |a di García Lorca, Federico 
245 1 |a El publico /  |c Federico García Lorca 
942 |2 ddc  |c BK 
952 |0 0  |1 0  |2 ddc  |4 0  |7 0  |9 8623  |a MI  |b MI  |d 1987-07-30  |i 457  |l 0  |p CDOM457  |r 2025-07-17 21:50:00  |w 2025-07-17  |x DONO  |y BK 
999 |c 7173  |d 7173